Loreto College Library, Kolkata
WEBOPAC (ONLINE PUBLIC ACCESS CATALOGUE)

Byron (Record no. 35527)

MARC details
000 -LEADER
fixed length control field 00518nam a2200193Ia 4500
008 - FIXED-LENGTH DATA ELEMENTS--GENERAL INFORMATION
fixed length control field 131103s9999 xx 000 0 und d
040 ## - CATALOGING SOURCE
Original cataloging agency Loreto College
041 ## - LANGUAGE CODE
Language code English
082 ## - DDC | ডিউই
Classification number | বর্গসংখ্যা 821.7/E107
Book Number | গ্রন্থাঙ্ক LCBkB/38202
100 ## - MAIN ENTRY--PERSONAL NAME | মুখ্য সংলেখ - ব্যাক্তিনাম
Personal name | ব্যাক্তিনাম Glover, A.S.B.
245 ## - TITLE STATEMENT | অাখ্যা বিবরণী
Title | অাখ্যা Byron
Statement of responsibility | লেখকের দায়িত্বের বিবরণ A.S.B.Glover
260 ## - IMPRINT | প্রকাশনা ক্ষেত্র
Place of publication | প্রকাশ স্থান England
Name of publisher | প্রকাশকের নাম Penguin
Date of publication | প্রকাশ কাল 1954
300 ## - PHYSICAL DESCRIPTION |
Page / Vol. No | পৃষ্ঠা / খন্ড সংখ্যা xvii,365p.
504 ## - BIBLIOGRAPHY, ETC. NOTE
Bibliography, etc Includes bibligraphical references
650 ## - SUBJECT ADDED ENTRY--TOPICAL TERM | বিষয় শিরোনাম - মূল বিষয়
Topical term | মূল বিষয় Byron, George Gordon
651 ## - SUBJECT ADDED ENTRY--GEOGRAPHIC NAME | বিষয় শিরোনাম - ভৌগলিক নাম
Geographic name | ভৌগলিক বিষয় English Poetry
850 ## - HOLDING INSTITUTION
Holding institution LCBkB/821.7/E107
942 ## - ADDED ENTRY ELEMENTS (KOHA)
Koha item type Books
Holdings
Withdrawn status Lost status Damaged status Not for loan Home library Current library Date acquired Total Checkouts Full call number Accession No. Date last seen Price effective from Koha item type
        Loreto College Loreto College 04/11/2013   821.7/E107 LCBkB/38202 B38387 04/11/2013 04/11/2013 Books